Investment mathematics (Record no. 100971)
[ view plain ]
| 000 -LEADER | |
|---|---|
| fixed length control field | 01248cam a2200289 4500 |
| 008 - FIXED-LENGTH DATA ELEMENTS--GENERAL INFORMATION | |
| fixed length control field | 000000n2003 000 0 eng u |
| 020 ## - INTERNATIONAL STANDARD BOOK NUMBER | |
| International Standard Book Number | 0471998826 |
| 035 ## - SYSTEM CONTROL NUMBER | |
| System control number | (Sirsi) u109667 |
| 041 ## - LANGUAGE CODE | |
| Language code of text/sound track or separate title | eng. |
| 050 ## - LIBRARY OF CONGRESS CALL NUMBER | |
| Classification number | 333.332 |
| -- | 18 |
| 100 ## - MAIN ENTRY--PERSONAL NAME | |
| Personal name | Adams, Andrew |
| 245 ## - TITLE STATEMENT | |
| Title | Investment mathematics |
| 260 ## - PUBLICATION, DISTRIBUTION, ETC. | |
| Place of publication, distribution, etc. | Chichester |
| Name of publisher, distributor, etc. | John Wiley and Sons |
| Date of publication, distribution, etc. | 2003 |
| 300 ## - PHYSICAL DESCRIPTION | |
| Extent | 419p. |
| Other physical details | ill. |
| Dimensions | 25cm. |
| 350 ## - PRICE (NR) (BK AM CF MU VM SE) [OBSOLETE] | |
| Price | 29.95 |
| 520 ## - SUMMARY, ETC. | |
| Summary, etc. | Aimed at practitioners in the investment world, particularly those studying for professional examinations, this book provides a grounding in investment mathematics together with applications in the investment area. Part I looks at the fundamental analysis of investments from a mathematical viewpoint. Part II provides the statistical background required by investment specialists, and Part III deals with a number of specialist topics including modern portfolio theory and asset pricing, and market indices. |
| 650 ## - SUBJECT ADDED ENTRY--TOPICAL TERM | |
| Topical term or geographic name entry element | INVESTMENT |
| 650 ## - SUBJECT ADDED ENTRY--TOPICAL TERM | |
| Topical term or geographic name entry element | MATHEMATICS |
| 650 ## - SUBJECT ADDED ENTRY--TOPICAL TERM | |
| Topical term or geographic name entry element | ASSET PRICING MODELS |
| 650 ## - SUBJECT ADDED ENTRY--TOPICAL TERM | |
| Topical term or geographic name entry element | PORTFOLIO THEORY |
| 650 ## - SUBJECT ADDED ENTRY--TOPICAL TERM | |
| Topical term or geographic name entry element | INVESTMENT METHODS |
| 690 ## - LOCAL SUBJECT ADDED ENTRY--TOPICAL TERM (OCLC, RLIN) | |
| Topical term or geographic name as entry element | PROPERTY-PROPERTY APPRAISAL AND VALUATION |
| 700 ## - ADDED ENTRY--PERSONAL NAME | |
| Personal name | Booth, Philip |
| 700 ## - ADDED ENTRY--PERSONAL NAME | |
| Personal name | Bowie, David |
| 700 ## - ADDED ENTRY--PERSONAL NAME | |
| Personal name | Freeth, Della |
| 942 ## - ADDED ENTRY ELEMENTS (KOHA) | |
| Suppress in OPAC | 0 |
| Withdrawn status | Lost status | Source of classification or shelving scheme | Damaged status | Not for loan | Home library | Current library | Shelving location | Date acquired | Total Checkouts | Full call number | Barcode | Date last seen | Date last checked out | Copy number | Price effective from | Koha item type |
|---|---|---|---|---|---|---|---|---|---|---|---|---|---|---|---|---|
| Dewey Decimal Classification | London | London | Books | 15/06/2004 | 27 | 333.332 ADA | 30069283 | 06/08/2019 | 30/11/2009 | 2 | 06/08/2019 | Book |